| 000 | 00404nam a22001697a 4500 | ||
|---|---|---|---|
| 020 | _a0748739580 | ||
| 082 | _a540 LIS | ||
| 100 | _aLister, Ted | ||
| 245 | _aUnderstanding Chemistry for advanced level | ||
| 250 | _a4th | ||
| 260 |
_aUK _bStanley Thornes Publishers Ltd _c2000 |
||
| 300 | _aviii, 680 p. | ||
| 500 | _aIncludes index | ||
| 650 | _aChemistry | ||
| 700 | _aRenshaw, Janel | ||
| 942 | _cBK | ||
| 999 |
_c13231 _d13231 |
||